La Révélation divine. (Record no. 127458)
[ view plain ]
| 000 -LEADER | |
|---|---|
| fixed length control field | 01157cam a22002891 4500 |
| 001 - CONTROL NUMBER | |
| control field | 8497478 |
| 003 - CONTROL NUMBER IDENTIFIER | |
| control field | ARRUPE |
| 005 - DATE AND TIME OF LATEST TRANSACTION | |
| control field | 20180119110948.0 |
| 008 - FIXED-LENGTH DATA ELEMENTS--GENERAL INFORMATION | |
| fixed length control field | 750721s1968 fr 000 0 fre |
| 010 ## - LIBRARY OF CONGRESS CONTROL NUMBER | |
| LC control number | 68119117 |
| 035 ## - SYSTEM CONTROL NUMBER | |
| System control number | (OCoLC)1461798 |
| 040 ## - CATALOGING SOURCE | |
| Original cataloging agency | DLC |
| Transcribing agency | MCW |
| Modifying agency | DLC |
| 042 ## - AUTHENTICATION CODE | |
| Authentication code | premarc |
| 050 00 - LIBRARY OF CONGRESS CALL NUMBER | |
| Classification number | BX830 1962.A7 |
| Item number | U70 |
| 082 ## - DEWEY DECIMAL CLASSIFICATION NUMBER | |
| Classification number | 231/.74 |
| 300 ## - PHYSICAL DESCRIPTION | |
| Dimensions | 23cm. |
| 100 1# - MAIN ENTRY--PERSONAL NAME | |
| Personal name | Dupuy, Bernard Dominique. |
| 9 (RLIN) | 38768 |
| 245 13 - TITLE STATEMENT | |
| Title | La Révélation divine. |
| Remainder of title | Constitution dogmatique Dei verbum. |
| Statement of responsibility, etc | B.D. Dupuy. |
| 260 ## - PUBLICATION, DISTRIBUTION, ETC. (IMPRINT) | |
| Place of publication, distribution, etc | Paris, |
| Name of publisher, distributor, etc | Éditions du Cerf, |
| Date of publication, distribution, etc | 1968. |
| 300 ## - PHYSICAL DESCRIPTION | |
| Extent | 2v. |
| 440 #0 - SERIES STATEMENT/ADDED ENTRY--TITLE | |
| Title | Unam sanctam, |
| Volume number/sequential designation | 70a-b |
| 9 (RLIN) | 38769 |
| 490 1# - SERIES STATEMENT | |
| Series statement | Vatican II; textes et commentaires des décrets conciliaires |
| 504 ## - BIBLIOGRAPHY, ETC. NOTE | |
| Bibliography, etc | Bibliographical footnotes. |
| 611 20 - SUBJECT ADDED ENTRY--MEETING NAME | |
| Meeting name or jurisdiction name as entry element | Vatican Council |
| Number of part/section/meeting | (2nd : |
| Date of meeting | 1962-1965 : |
| Location of meeting | Basilica di San Pietro in Vaticano). |
| Title of a work | Constitutio dogmatica de divina revelatione. |
| 9 (RLIN) | 38770 |
| 650 ## - SUBJECT ADDED ENTRY--TOPICAL TERM | |
| Topical term or geographic name as entry element | Revelation |
| 9 (RLIN) | 9159 |
| 830 #0 - SERIES ADDED ENTRY--UNIFORM TITLE | |
| Uniform title | Vatican II; textes et commentaires des décrets conciliaires |
| 9 (RLIN) | 38771 |
| 906 ## - LOCAL DATA ELEMENT F, LDF (RLIN) | |
| a | 7 |
| b | cbc |
| c | oclcrpl |
| d | u |
| e | ncip |
| f | 19 |
| g | y-gencatlg |
| 942 ## - ADDED ENTRY ELEMENTS (KOHA) | |
| Source of classification or shelving scheme | Library of Congress Classification |
| Koha item type | Monograph ( Printed materials) |
| Withdrawn status | Lost status | Source of classification or shelving scheme | Damaged status | Not for loan | Collection code | Home library | Current library | Shelving location | Date acquired | Total Checkouts | Full call number | Barcode | Date last seen | Copy number | Price effective from | Koha item type |
|---|---|---|---|---|---|---|---|---|---|---|---|---|---|---|---|---|
| Library of Congress Classification | Main Collection | ARRUPE LIBRARY | ARRUPE LIBRARY | Main Collection | 19/01/2018 | BX830 1962.A7 U70 | 46600000840 | 19/01/2018 | vol.1 | 19/01/2018 | Monograph ( Printed materials) | |||||
| Library of Congress Classification | Main Collection | ARRUPE LIBRARY | ARRUPE LIBRARY | Main Collection | 19/01/2018 | BX830 1962.A7 U70 | 46600000841 | 19/01/2018 | vol.2 | 19/01/2018 | Monograph ( Printed materials) |